Seguridad y salud laboral : contribuciones destacadas desde la consultoría y estudios de caso /

Detalles Bibliográficos
Otros Autores: Zamora Romero, Derly (Editor), Quiroz Rubiano, Mónica María (Editor), Cifuentes Izquierdo, Martha Janeth (Editor)
Formato: Electrónico eBook
Lenguaje:español
Publicado: Bogotá, Colombia : Politécnico Grancolombiano, [2025]
Edición:Primera edición.
Materias:
Acceso en línea:Digitalia Hispánica

MARC

LEADER 00000nam a2200000Ii 4500
001 DIGPOGRAN0092
003 NyNyDIG
006 m o d
007 cr |||||||||||
008 250316s2025 ck a ob 000 0 spa d
035 |a (OCoLC)1511318447 
040 |a DGITA  |b eng  |e rda  |e pn  |c DGITA 
020 |a 9786287662438  |q eBook 
041 0 |a spa  |b spa  |b eng 
050 1 4 |a T55.3 ebook 
245 0 0 |a Seguridad y salud laboral :  |b contribuciones destacadas desde la consultoría y estudios de caso /  |c editoras académicas, Derly Zamora Romero, Mónica María Quiroz Rubiano, Martha Janeth Cifuentes Izquierdo. 
250 |a Primera edición. 
264 1 |a Bogotá, Colombia :  |b Politécnico Grancolombiano,  |c [2025] 
300 |a 1 online resource :  |b illustrations. 
336 |a text  |b txt  |2 rdacontent 
337 |a computer  |b c  |2 rdamedia 
338 |a online resource  |b cr  |2 rdacarrier 
347 |a text file  |2 rdaft 
347 |b PDF 
504 |a Includes bibliographical references. 
546 |a Text in Spanish with abstract in Spanish and English in each chapter. 
588 0 |a Online resource; title from PDF title page (Digitalia, viewed March 16, 2025) 
650 0 |a Industrial safety  |v Case studies. 
700 1 |a Zamora Romero, Derly,  |e editor. 
700 1 |a Quiroz Rubiano, Mónica María,  |e editor. 
700 1 |a Cifuentes Izquierdo, Martha Janeth,  |e editor. 
791 2 |a Digitalia (Firm),  |e distributor. 
793 0 |g Digitalia eBook Collection:  |a Politécnico Grancolombiano 
856 4 0 |3 Digitalia Hispánica  |u https://www.digitaliapublishing.com/a/171666/ 
910 |a Premium collection: 2025